| 000 | 00566cam a22002177 4500 | ||
|---|---|---|---|
| 999 |
_c23729 _d23729 |
||
| 001 | 10050181 | ||
| 003 | BDDh-ASL | ||
| 005 | 20231015030259.0 | ||
| 008 | 901205s1953 ii 000 0 eng | ||
| 010 | _altf90017773 | ||
| 040 |
_aDLC _cDLC _dDLC _dBDDh-ASL |
||
| 050 | 0 | 0 | _a4BL 552 |
| 082 |
_a922 _bWEK |
||
| 100 | 1 | _aWestcott, G. H. | |
| 245 | 0 | 0 | _aKabir and the Kabir panth / |
| 250 | _a[2d ed.] | ||
| 260 |
_aCalcutta : _bSusil Gupta, _c[1953] |
||
| 300 |
_a145 p. : _c22 cm. |
||
| 906 |
_a0 _bcbc _cpremunv _du _encip _f19 _gy-gencatlg |
||
| 942 |
_2ddc _cBK |
||